000 01131nam a22003615b 4500
001 00271
003 DO-SdBPM
005 20260325072208.0
007 ta
008 921117s1993 sp | |||| ||spa
017 _a
_b
020 _a
035 _a
040 _aDO-SdBPM
_bspa
_cBPMSU
_erda
080 0 _a
082 0 4 _a863.6
_bM973a 1992
_222
100 1 _aMurciano, Carlos
_d1931-
_eautor
_4aut.
245 1 4 _aLas amapolas se han vuelto blancas de repente /
_cCarlos Murciano ; comentario del texto Rosa Mª Sáez Vacas ; ilustración Alicia Cañas Cortázar
_h
250 _a2a. ed.
260 _c
264 _aMadrid :
_bBruño,
_c1992
300 _a185 páginas :
_bilustración ;
_c20 cm
336 _atext
_btxt
_2rdacontent
337 _asin mediación
_bn
_2rdamedia
338 _avolumen
_bnc
_2rdacarrier
490 0 _aAltamar,
_v56
590 _aInventariado, 2026/VM
650 7 _aNovelas juveniles españolas
650 7 _aLiteratura juvenil española
700 1 _aCañas Cortázar, Alicia
_eilustración
_d
910 _aVMateo V. Control de calidad. BPMSU
942 _2ddc
_cBK
999 _c11672
_d11672